Introduction to Digital Economics: Foundations, Business Models and Case Studies (Record no. 43588)

MARC details
000 -LEADER
fixed length control field 00567nam a22001937a 4500
005 - DATE AND TIME OF LATEST TRANSACTION
control field 20250417100008.0
008 - FIXED-LENGTH DATA ELEMENTS--GENERAL INFORMATION
fixed length control field 250405b |||||||| |||| 00| 0 eng d
020 ## - INTERNATIONAL STANDARD BOOK NUMBER
International Standard Book Number 9783030782399
041 ## - LANGUAGE CODE
Language code of text/sound track or separate title eng
082 ## - DEWEY DECIMAL CLASSIFICATION NUMBER
Classification number 330 OVE
100 ## - MAIN ENTRY--PERSONAL NAME
Author Overby, Harald
245 ## - TITLE STATEMENT
Title Introduction to Digital Economics: Foundations, Business Models and Case Studies
250 ## - EDITION STATEMENT
Edition statement 2nd
260 ## - PUBLICATION, DISTRIBUTION, ETC.
Place Switzerland
Publisher Springer Nature Switzerland AG
Publication Year 2021
300 ## - PHYSICAL DESCRIPTION
Extent 353;. pages 23cm
650 ## - SUBJECT ADDED ENTRY--TOPICAL TERM
Subject Digital Economics; Business Models
700 ## - ADDED ENTRY--PERSONAL NAME
Co-Author Audestad, Jan Arild
942 ## - ADDED ENTRY ELEMENTS (KOHA)
Koha item type Books
Holdings
Withdrawn status Lost status Source of classification or shelving scheme Damaged status Not for loan Home library Current library Shelving location Accession Date Vendor Budget Code Price Bill number Total Checkouts Full call number Barcode No Date last seen Date last checked out Discount Bill Date Koha item type Suggested By
    Dewey Decimal Classification     IMTN IMTN Rack 4-B 03/28/2025 Raghav Book Private Limited 2374 5591.07 2374 1 330 OVE 33872 11/16/2025 05/16/2025 33 02/14/2025 Books Dr. Mantha Raghu ( Head Librarian)
Designed & Maintained by: LRC IMT Nagpur Contact: lrc@imtnag.ac.in© 2024. All Rights Reserved.